00428 2200169 4500001002100000008004100021035002000062245004900082250001000131260003300141300001500174020001800189084001800207082001200225650000900237990001200246INLIS000000000000833 ind  a0010-0722000382 aCerita Teladan 25 NabicSiti Zainab Luxfiati acet:8 aJakarta :bDian Rakyatc2007 a183c20 cm a9799795238675 a297.346 SIT c a297.346 aNabi aDI.1906